Barriers, Obstructions and Risks of Small and Medium Business

Salvato in:
Dettagli Bibliografici
Autore principale: Klapáková, Katarína
Altri autori: Dugas, Jaroslav, 1967-
Natura: Capitolo di libro
Lingua:inglese
Soggetti:
Tags: Aggiungi Tag
Nessun Tag, puoi essere il primo ad aggiungerne!!

MARC

LEADER 00000naa$a2200000$$$4500
001 0243687
005 20240502073939.6
041 0 |a eng 
044 |a SK 
245 1 0 |a Barriers, Obstructions and Risks of Small and Medium Business  |c Katarína Klapáková, Jaroslav Dugas 
500 |a Abstrakt 
610 2 0 |a bariéry podnikania 
610 2 0 |a podnik malý 
610 2 0 |a podnik stredný 
610 2 0 |a riziko podnikateľské 
100 1 |a Klapáková, Katarína 
700 1 |a Dugas, Jaroslav, 1967-